[Event "Budapest FS05 IM"]
[Site "Budapest"]
[Date "2022.05.16"]
[Round "8"]
[White "Bogdanov, Egor"]
[Black "Lyell, Mark"]
[Result "1/2-1/2"]
[WhiteElo "2415"]
[BlackElo "2119"]
[PlyCount "158"]
[EventDate "2022.05.07"]
[EventType "tourn"]
[EventRounds "9"]
[EventCountry "HUN"]
[SourceTitle "CBM 208 Extra"]
[Source "ChessBase"]
[SourceDate "2022.07.31"]
[SourceVersion "1"]
[SourceVersionDate "2022.07.31"]
[SourceQuality "1"]

1. e4 g6 2. d4 Bg7 3. Nf3 d6 4. Bc4 Nf6 5. Nc3 0-0 6. Bb3 Bg4 7. h3 Bxf3 8. Qxf3 Nc6 9. Be3 e5 10. dxe5 dxe5 11. Rd1 Nd4 12. Bxd4 exd4 13. 0-0 Nd7 14. Ne2 c5 15. Qg3 Qe7 16. Rfe1 Rac8 17. Bd5 Nb6 18. c4 Nxd5 19. exd5 Rfe8 20. Kf1 Be5 21. Qf3 b5 22. b3 Qd6 23. cxb5 Red8 24. Nc1 Qxd5 25. Qxd5 Rxd5 26. Nd3 Bd6 27. Nb2 Kf8 28. Nc4 Bc7 29. a4 Rb8 30. Rd3 a6 31. bxa6 Ra8 32. Ke2 Rxa6 33. Kd2 Ba5+ 34. Nxa5 Rxa5 35. Rc1 Ke7 36. Rf3 Re5 37. g4 Ke6 38. Ra1 Ra7 39. a5 Kd5 40. Rf6 Re6 41. Rxe6 fxe6 42. a6 e5 43. Ra5 Kc6 44. Kd3 Kb6 45. b4 cxb4 46. Rxe5 Kxa6 47. Kc4 Rb7 48. Re1 Rf7 49. Kxb4 Rxf2 50. Re6+ Kb7 51. Kc4 Kc7 52. Kxd4 Kd7 53. Ra6 Ke8 54. Ra7 h5 55. g5 Kf8 56. h4 Rf5 57. Ke4 Kg8 58. Rd7 Ra5 59. Rd5 Ra4+ 60. Ke5 Rxh4 61. Kf6 Rf4+ 62. Kxg6 Rf8 63. Kxh5 Ra8 64. Kh6 Rb8 65. Rd6 Ra8 66. Rg6+ Kh8 67. Rg7 Ra6+ 68. Rg6 Ra8 69. Rb6 Kg8 70. Kg6 Rc8 71. Ra6 Rb8 72. Kf6 Rf8+ 73. Ke7 Kg7 74. Rh6 Rf7+ 75. Ke6 Rf2 76. Rf6 Rg2 77. Rf5 Kg6 78. Rf8 Re2+ 79. Kd5 Kxg5 1/2-1/2

[Event "Budapest FS05 IM"]
[Site "Budapest"]
[Date "2022.05.08"]
[Round "2"]
[White "Nimmy, A George"]
[Black "Lyell, Mark"]
[Result "0-1"]
[WhiteElo "2098"]
[BlackElo "2119"]
[PlyCount "106"]
[EventDate "2022.05.07"]
[EventType "tourn"]
[EventRounds "9"]
[EventCountry "HUN"]
[SourceTitle "CBM 208 Extra"]
[Source "ChessBase"]
[SourceDate "2022.07.31"]
[SourceVersion "1"]
[SourceVersionDate "2022.07.31"]
[SourceQuality "1"]

1. e4 d6 2. d4 Nf6 3. Nc3 g6 4. f4 Bg7 5. Nf3 0-0 6. Bd3 Nc6 7. 0-0 e5 8. fxe5 dxe5 9. d5 Ne7 10. Bg5 c6 11. dxc6 Nxc6 12. Nd5 Qd6 13. Nxf6+ Bxf6 14. Bxf6 Qxf6 15. Bc4 Qe7 16. Kh1 Be6 17. Bxe6 Qxe6 18. Qd2 f6 19. b3 Rad8 20. Qe3 Rf7 21. Rf2 Rfd7 22. Raf1 Rd1 23. h3 Rxf1+ 24. Rxf1 Kg7 25. Nh2 h5 26. g4 h4 27. Nf3 g5 28. Kg2 Rd7 29. c3 b6 30. Rf2 Ne7 31. Rd2 Ng6 32. Ng1 Nf4+ 33. Kf3 Rd6 34. Kf2 Qd7 35. Ke1 Kf7 36. Rxd6 Qxd6 37. Qd2 Qc6 38. Kf1 Ke7 39. Qe3 Qd6 40. Ne2 Qd1+ 41. Kf2 Qc2 42. a4 Qxb3 43. Nxf4 gxf4 44. Qd3 Qxa4 45. c4 Qb4 46. Kf3 Qc5 47. Kg2 Qe3 48. Qxe3 fxe3 49. Kf3 Kd6 50. Kxe3 Kc5 51. Kd3 a5 52. Kc3 a4 53. Kd3 Kb4 0-1

[Event "Budapest Vezerkepzo Christmas IM"]
[Site "Budapest"]
[Date "2022.01.02"]
[Round "7"]
[White "Borhy, Marcell Boldizsar"]
[Black "Lyell, Mark"]
[Result "1-0"]
[WhiteElo "2387"]
[BlackElo "2097"]
[PlyCount "49"]
[EventDate "2021.12.26"]
[EventType "tourn"]
[EventRounds "9"]
[EventCountry "HUN"]
[SourceTitle "EXT 2023"]
[Source "ChessBase"]
[SourceDate "2022.10.05"]
[SourceVersion "1"]
[SourceVersionDate "2022.10.05"]
[SourceQuality "1"]

1. Nf3 d5 2. d4 Nf6 3. c4 dxc4 4. e3 Be6 5. Nc3 h6 6. e4 c6 7. Be2 Nbd7 8. 0-0 Nb6 9. a4 a5 10. h3 g6 11. Be3 Bg7 12. Ne5 Nfd7 13. f4 Nxe5 14. dxe5 Qxd1 15. Raxd1 Ra6 16. Nb5 Na8 17. Nd4 Nb6 18. Nxe6 fxe6 19. Bxb6 Rxb6 20. Bxc4 Rxb2 21. Bxe6 c5 22. Rd5 Rb6 23. f5 gxf5 24. exf5 Ra6 25. Rxc5 1-0

[Event "Budapest Vezerkepzo Christmas IM"]
[Site "Budapest"]
[Date "2021.12.31"]
[Round "6"]
[White "Lyell, Mark"]
[Black "Chen, Jonathan"]
[Result "1/2-1/2"]
[WhiteElo "2097"]
[BlackElo "2263"]
[PlyCount "214"]
[EventDate "2021.12.26"]
[EventType "tourn"]
[EventRounds "9"]
[EventCountry "HUN"]
[SourceTitle "EXT 2023"]
[Source "ChessBase"]
[SourceDate "2022.10.05"]
[SourceVersion "1"]
[SourceVersionDate "2022.10.05"]
[SourceQuality "1"]

1. e4 c6 2. d4 d5 3. exd5 cxd5 4. c4 Nf6 5. Nc3 Nc6 6. Bg5 dxc4 7. Bxc4 Qxd4 8. Qxd4 Nxd4 9. 0-0-0 e5 10. f4 Bg4 11. Nf3 0-0-0 12. fxe5 Bxf3 13. gxf3 Nxf3 14. Rxd8+ Kxd8 15. Rd1+ Kc8 16. Bf4 Nh5 17. Rf1 Nxf4 18. Rxf3 Ng6 19. Bxf7 Nxe5 20. Be6+ Kb8 21. Re3 Nc6 22. h3 Bc5 23. Rd3 Re8 24. Bd5 Nb4 25. Rf3 Nxd5 26. Nxd5 Rd8 27. Nc3 Rf8 28. Rd3 Rf7 29. Kc2 a6 30. Ne4 Bb6 31. Ng5 Rf2+ 32. Rd2 h6 33. Rxf2 Bxf2 34. Ne6 g5 35. Kd3 Kc8 36. Ke4 Kd7 37. Kf5 Kd6 38. Nd8 b5 39. Nf7+ Kc5 40. Ke4 Bd4 41. Nxh6 Bxb2 42. Nf7 Bc1 43. Ne5 Bd2 44. Nf3 Bc1 45. Ne5 Kd6 46. Nf3 Kc6 47. h4 gxh4 48. Nxh4 Kc5 49. Kd3 Kb4 50. Kc2 Ka3 51. Kb1 Be3 52. Nf3 Kb4 53. Ne1 Kc3 54. Nc2 Bf2 55. Na1 a5 56. Nb3 a4 57. Na1 b4 58. Nc2 Bc5 59. Ne1 Be7 60. Nc2 Bg5 61. Na1 Bf4 62. Nc2 Bd2 63. Na1 Kd3 64. Nc2 Bc3 65. Kc1 Ke2 66. Kb1 Kd2 67. Na3 Kd3 68. Nc2 Bd2 69. Na1 Kc4 70. Nc2 Kc3 71. Na1 Bh6 72. Nc2 Bg7 73. Na1 Kd3 74. Nc2 Bc3 75. Kc1 Ke2 76. Kb1 Bd2 77. Kb2 Kd1 78. Kb1 Bc3 79. Na3 Be1 80. Nc2 Bd2 81. Kb2 Bc3+ 82. Kb1 Kd2 83. Na3 Kd3 84. Nc2 a3 85. Na1 Bb2 86. Nb3 Kc3 87. Na1 Kd3 88. Nb3 Bg7 89. Na1 Kc3 90. Nb3 Bf8 91. Na1 Kc4 92. Nb3 Bg7 93. Nc1 Bb2 94. Nb3 Kb5 95. Nd2 Kc5 96. Nb3+ Kc4 97. Na1 Bxa1 98. Kxa1 Kc3 99. Kb1 Kd3 100. Ka1 b3 101. axb3 Kc3 102. Ka2 Kb4 103. Ka1 Kxb3 104. Kb1 Kc3 105. Ka1 Kb3 106. Kb1 a2+ 107. Ka1 Ka3 1/2-1/2

[Event "Budapest Vezerkepzo Christmas IM"]
[Site "Budapest"]
[Date "2021.12.30"]
[Round "5"]
[White "Lyell, Mark"]
[Black "Nemeth, Miklos"]
[Result "1/2-1/2"]
[WhiteElo "2097"]
[BlackElo "2471"]
[PlyCount "86"]
[EventDate "2021.12.26"]
[EventType "tourn"]
[EventRounds "9"]
[EventCountry "HUN"]
[SourceTitle "EXT 2023"]
[Source "ChessBase"]
[SourceDate "2022.10.05"]
[SourceVersion "1"]
[SourceVersionDate "2022.10.05"]
[SourceQuality "1"]

1. e4 e5 2. Nf3 Nc6 3. d4 exd4 4. Nxd4 Bc5 5. Nb3 Bb6 6. Nc3 d6 7. Qe2 Nf6 8. Bg5 h6 9. Be3 Qe7 10. Bxb6 axb6 11. g3 Be6 12. Bg2 Bxb3 13. cxb3 0-0 14. 0-0 Rfe8 15. Qd2 Qe5 16. Rfe1 Nd4 17. b4 c5 18. Ne2 Nxe4 19. Bxe4 Qxe4 20. Nxd4 Qxd4 21. Rxe8+ Rxe8 22. Qxd4 cxd4 23. Rd1 Kf8 24. Rxd4 Re1+ 25. Kg2 Ke7 26. Kf3 Kd7 27. h4 Re5 28. a4 b5 29. b3 h5 30. Rd3 g6 31. Rc3 f6 32. Rc1 g5 33. hxg5 fxg5 34. Rh1 g4+ 35. Kg2 Rd5 36. Rc1 Rd4 37. Rh1 bxa4 38. bxa4 Rxb4 39. Rxh5 Rxa4 40. f4 gxf3+ 41. Kxf3 Ra3+ 42. Kf4 Ra1 43. g4 Rf1+ 1/2-1/2

[Event "Budapest Vezerkepzo Christmas IM"]
[Site "Budapest"]
[Date "2021.12.28"]
[Round "3"]
[White "Lyell, Mark"]
[Black "Royal, Shreyas"]
[Result "0-1"]
[WhiteElo "2097"]
[BlackElo "2181"]
[PlyCount "66"]
[EventDate "2021.12.26"]
[EventType "tourn"]
[EventRounds "9"]
[EventCountry "HUN"]
[SourceTitle "EXT 2023"]
[Source "ChessBase"]
[SourceDate "2022.10.05"]
[SourceVersion "1"]
[SourceVersionDate "2022.10.05"]
[SourceQuality "1"]

1. e4 e5 2. f4 d5 3. exd5 exf4 4. Nf3 Nf6 5. Bb5+ c6 6. dxc6 Nxc6 7. Nc3 Bd6 8. Qe2+ Be6 9. Nd4 0-0 10. Nxe6 fxe6 11. Bxc6 bxc6 12. b3 f3 13. gxf3 Nh5 14. Bb2 Qh4+ 15. Kd1 Rad8 16. Ne4 Bc7 17. Kc1 Qh3 18. Bc3 Nf4 19. Qc4 Nd5 20. Kb2 h6 21. Rag1 Rf7 22. Rg6 Qxf3 23. Rhg1 Nxc3 24. Qxc3 Qxc3+ 25. dxc3 Bxh2 26. R1g2 Bf4 27. Rxe6 Rc7 28. Nc5 Rd5 29. b4 Re5 30. Rg4 Rf5 31. Rgg6 h5 32. Nd3 h4 33. Rg1 Bg3 0-1

[Event "Budapest FS12 IM"]
[Site "Budapest"]
[Date "2021.12.11"]
[Round "7"]
[White "Lyell, Mark"]
[Black "Aditya, Bikram Paul"]
[Result "0-1"]
[WhiteElo "2097"]
[BlackElo "2281"]
[PlyCount "82"]
[EventDate "2021.12.04"]
[EventType "tourn"]
[EventRounds "9"]
[EventCountry "HUN"]
[SourceTitle "CBM 205 Extra"]
[Source "ChessBase"]
[SourceDate "2022.01.31"]
[SourceVersion "1"]
[SourceVersionDate "2022.01.31"]
[SourceQuality "1"]

1. e4 c5 2. Nc3 Nc6 3. Bb5 g6 4. Bxc6 dxc6 5. d3 Bg7 6. Be3 b6 7. Qd2 h6 8. f4 Nf6 9. Nf3 Nd7 10. 0-0 Nf8 11. Qf2 Ne6 12. e5 Nc7 13. d4 c4 14. Nd2 Nd5 15. Nce4 b5 16. Nc5 0-0 17. Rae1 f5 18. Nf3 Kh7 19. c3 e6 20. Bd2 Rg8 21. h4 Bf8 22. Rd1 a5 23. g3 Nc7 24. Ne1 Be7 25. Qf3 Qd5 26. Kf2 Na6 27. Nxa6 Bxa6 28. Qxd5 cxd5 29. Nf3 b4 30. Ke3 Rgb8 31. Rg1 a4 32. cxb4 Bxb4 33. Rg2 Be7 34. Bc3 a3 35. Rdd2 Bb5 36. Ne1 Ba4 37. Rh2 Rb7 38. Kf3 Rab8 39. g4 axb2 40. Bxb2 Bb4 41. Bc1 Bxd2 0-1

[Event "Budapest FS12 IM"]
[Site "Budapest"]
[Date "2021.12.06"]
[Round "3"]
[White "Lyell, Mark"]
[Black "To, Nhat Minh"]
[Result "1/2-1/2"]
[WhiteElo "2097"]
[BlackElo "2356"]
[PlyCount "85"]
[EventDate "2021.12.04"]
[EventType "tourn"]
[EventRounds "9"]
[EventCountry "HUN"]
[SourceTitle "CBM 205 Extra"]
[Source "ChessBase"]
[SourceDate "2022.01.31"]
[SourceVersion "1"]
[SourceVersionDate "2022.01.31"]
[SourceQuality "1"]

1. e4 e5 2. Nf3 Nc6 3. d4 exd4 4. Nxd4 Nf6 5. Nxc6 bxc6 6. e5 Qe7 7. Qe2 Nd5 8. c4 Ba6 9. b3 g6 10. g3 Bg7 11. Bb2 0-0 12. Bg2 Rae8 13. 0-0 Bxe5 14. Qxe5 Qxe5 15. Bxe5 Rxe5 16. cxd5 Bxf1 17. Kxf1 cxd5 18. f4 Re3 19. Bxd5 Rd3 20. Bf3 Re8 21. Kf2 Kf8 22. Be2 Rde3 23. Bd1 Re1 24. Nd2 R8e2+ 25. Bxe2 Rxa1 26. a4 d5 27. Bf3 c6 28. Ke3 Ke7 29. Kd3 Kd6 30. Kc3 a5 31. Kb2 Re1 32. Kc2 Kc5 33. Bd1 f6 34. Nf3 Rh1 35. g4 h6 36. h4 Kb4 37. g5 hxg5 38. hxg5 fxg5 39. fxg5 c5 40. Ne5 Rh2+ 41. Kd3 Rh3+ 42. Kd2 Rh2+ 43. Kd3 1/2-1/2